01550nam a2200337 a 4500001001000000003000500010005001700015008004100032010001100073011001100084040000900095090001000104100003800114245020000152260004000352500006000392502009800452590004100550590004000591590004000631650006200671650002700733650006400760856007000824901000700894942001000901942000600911999001900917952013600936952014001072000113132CHAP20220329144340.0170428s2016 mx sm |||||||spa d a109593 a110565 cCHAP aTesis1 aIglesias Pérez, Denisse913205710aParasitoides de larvas del gusano cogollero del maíz Spodoptera frugiperda (J. E. Smith) (Lepidóptera: Noctuidae) en Bermejillo, Durango, Méxicoh[En línea]cpor Denisse Iglesias Pérez. aDurango, Méx. :bEl autor,c2016. aPara ver el contenido del material haga clic en la liga aTesis (Ing. en Sistemas Agrícolas) -- UACH. Unidad Regional Universitaria de Zonas Áridas aBATCH-UPDb05c20170428lUCH01h0859 aE5765TAJb05c20170428lUCH01h0858 aE5765TAJb05c20170428lUCH01h085914aGusano cogollero del maízxControl biológico.913205814aMaízxPlagas.97103414aSpodoptera fragiperdaxFisiología y morfología.9132059 aFinding aiduhttp://10.13.5.2/tesis/sist113132.pdfzTeclea aquí aBK cTESIS n0 c109593d109593 00104054718TESISaBCbBCd2017-04-28fTESISl0oTesisp33724002528900r2019-12-31 00:00:00w2019-12-31yTESISzRecien adquirido 00102local4053708TESISaBCbBCcPA_TESISd2017-04-28fTESISl0oTesisp33724002529579r2019-12-31 00:00:00tc.2w2019-12-31yTESIS